Catálogo
 En Linea

Mi ángel mágico / (Registro nro. 4093)

Detalles MARC
000 -CABECERA
campo de control de longitud fija 00845nam a2200241 a 4500
001 - NÚMERO DE CONTROL
campo de control 000004283
005 - FECHA Y HORA DE LA ÚLTIMA TRANSACCIÓN
campo de control 20251111094609.0
008 - DATOS DE LONGITUD FIJA--INFORMACIÓN GENERAL
campo de control de longitud fija 090721s2002 dr a 000 0 spa d
020 ## - NÚMERO INTERNACIONAL ESTÁNDAR DEL LIBRO
Número Internacional Estándar del Libro 9993423386
040 ## - FUENTE DE LA CATALOGACIÓN
Centro catalogador/agencia de origen DO-SdBNP
Lengua de catalogación spa
Centro/agencia transcriptor BNPHU
082 ## - NÚMERO DE LA CLASIFICACIÓN DECIMAL DEWEY
Número de clasificación 235.3
Número de documento/Ítem F638m
100 1# - ENTRADA PRINCIPAL--NOMBRE DE PERSONA
Nombre de persona Floripe Jiménez, Ana
9 (RLIN) 12655
245 10 - MENCIÓN DE TÍTULO
Título Mi ángel mágico /
Mención de responsabilidad, etc. Ana Floripe Jiménez.
246 14 - FORMA VARIANTE DE TÍTULO
Título propio/Titulo breve Mi ángel mágico :
Resto del título experiencias propias y de otras personas, con ángeles celestiales
260 ## - PUBLICACIÓN, DISTRIBUCIÓN, ETC.
Lugar de publicación, distribución, etc. Santo Domingo :
Nombre del editor, distribuidor, etc. Amigo del hogar,
Fecha de publicación, distribución, etc. 2002.
300 ## - DESCRIPCIÓN FÍSICA
Extensión 113 p. :
Otras características físicas il. ;
Dimensiones 22 cm.
500 ## - NOTA GENERAL
Nota general Incluye datos biográficos del autor en contracubierta.
590 ## - NOTA LOCAL (RLIN)
Nota local Inventariado, 2018/BT
650 #0 - PUNTO DE ACCESO ADICIONAL DE MATERIA--TÉRMINO DE MATERIA
Término de materia o nombre geográfico como elemento de entrada Ángeles
Subdivisión general Culto
9 (RLIN) 12656
650 #0 - PUNTO DE ACCESO ADICIONAL DE MATERIA--TÉRMINO DE MATERIA
Término de materia o nombre geográfico como elemento de entrada Ángeles guardianes
9 (RLIN) 12657
650 #4 - PUNTO DE ACCESO ADICIONAL DE MATERIA--TÉRMINO DE MATERIA
Término de materia o nombre geográfico como elemento de entrada Experiencia religiosa
9 (RLIN) 6844
910 ## - DATOS DE OPCIÓN DEL USUARIO (OCLC)
Datos de opción del usuario Validado. Control de calidad. BNPHU
Existencias
Estado de retiro Estado de pérdida No para préstamo Código de colección Localización permanente Ubicación/localización actual Ubicación en estantería Fecha de adquisición Número de inventario Total de préstamos Signatura topográfica completa Código de barras Fecha visto por última vez Precio válido a partir de Tipo de ítem Koha Número de copia
    Excluido de préstamo Patrimonio Dominicano Patrimonio Dominicano Patrimonio Dominicano Depósito 21.07.2009 LF1   235.3 F638m 4283-10 25.06.2020 25.06.2020 Libro y Folleto Colección Patrimonio Dominicano  
    Excluido de préstamo Patrimonio Dominicano Patrimonio Dominicano Patrimonio Dominicano Depósito 21.07.2009 LF1   235.3 F638m 4283-20 25.06.2020 25.06.2020 Libro y Folleto Colección Patrimonio Dominicano e. 2

Con tecnología Koha